All non-recognized "countries"and their capitals - Statistics

General Stats
  • This quiz has been taken 454 times
    452 since last reset
  • The average score is 41 of 114
Answer Stats
Official country Country % Correct
Israel Palestine
83%
Somalia Somaliland
76%
China Hongkong
73%
Morocco Western Sahara
71%
Cyprus Northern Cyprus
70%
Denmark Greenland
69%
Denmark Faroe Islands
68%
United States of America Guam
68%
China Macau
68%
United States of America Puerto Rico
68%
Netherlands Curaçao
64%
United Kingdom British Virgin Islands
63%
Australia Christmas Island
63%
New Zealand Niue
63%
Georgia Abkhazia
62%
Netherlands Aruba
62%
New Zealand Cook Islands
62%
Georgia South Ossetia
62%
United States of America United States Virgin Islands
62%
Norway Svalbard and Jan Mayen
61%
France Guadeloupe
60%
France Saint Martin
59%
Moldova Transnistria
59%
Israel Jerusalem, Ramallah
57%
France Réunion
55%
United States of America American Samoa
54%
France New Caledonia
51%
United States of America Northern Mariana Islands
51%
New Zealand Tokelau
51%
Denmark Nuuk
50%
France Mayotte
49%
Australia Cocos Islands
47%
France French Polynesia
47%
United Kingdom Anguilla
46%
United Kingdom Falkland Islands
46%
United Kingdom Jersey
46%
Australia Norfolk Island
46%
Cyprus Nicosia
45%
France Saint Pierre and Miquelon
45%
Netherlands Sint Maarten
45%
France St. Pierre
45%
United Kingdom Isle of Man
44%
United Kingdom Turks and Caicos Islands
43%
United Kingdom Bermuda
41%
United Kingdom Cayman Islands
41%
United Kingdom Guernsey
41%
United Kingdom Montserrat
41%
Netherlands Bonaire
40%
France Saint Barthélemy
40%
United Kingdom Gibraltar
39%
United Kingdom Saint Helena
39%
United States of America San Juan
39%
United Kingdom Pitcairn Islands
36%
France Wallis and Futuna
36%
Finland Åland Islands
33%
Netherlands Saba
32%
Moldova Tiraspol
32%
United Kingdom Tristan da Cunha
27%
Somalia Hargeisa
25%
Netherlands Sint Eustatius
25%
Denmark Tórshavn
25%
Morocco Laayoune, Tifariti
24%
Netherlands Oranjestad
24%
Australia Flying Fish Cove
23%
Georgia Sukhumi
23%
France Basse-Terre
22%
United Kingdom British Indian Ocean Territory
22%
France Nouméa
22%
France Saint-Denis
22%
France Papeete
21%
United Kingdom South Georgia and the South Sandwich Islands
21%
Australia West Island
21%
Australia Kingston
20%
New Zealand Alofi
19%
United States of America Charlotte Amalie
19%
Norway Longyearbyen
19%
Netherlands Willemstad
19%
New Zealand Avarua
18%
United Kingdom Hamilton
18%
United States of America Pago Pago
18%
Finland Mariehamn
17%
Georgia Tskhinvali
17%
United States of America Saipan
16%
United Kingdom Ascension Island
15%
France Mamoudzou
15%
United Kingdom Stanley
15%
United Kingdom Cockburn Town
14%
United States of America Hagåtña
14%
United Kingdom London, Diego Garcia
14%
France Marigot
14%
France Gustavia
13%
United Kingdom Road Town
13%
United Kingdom Adamstown
12%
Netherlands The Bottom
12%
United Kingdom British Antarctic Territory
11%
United Kingdom Douglas
11%
United Kingdom Georgetown
11%
United Kingdom George Town
11%
Netherlands Kralendijk
11%
France Mata Utu
11%
Netherlands Philipsburg
11%
United Kingdom The Valley
11%
New Zealand Fakaofo,Atafu, Nukunonu
10%
United Kingdom Brades, Plymouth
9%
United Kingdom Jamestown
8%
United Kingdom St. Peter Port
8%
United Kingdom St. Helier
7%
United Kingdom Edinburgh of the Seven Seas
6%
United Kingdom King Edward Point
4%
United Kingdom Rothera
4%
No matching quizzes found
Score Distribution
Percent of People with Each Score
Percentile by Number Answered
Your Score History
You have not taken this quiz since the last reset